00865 2200289 4500001002100000005001500021035002000036007000300056008004100059040001700100100002500117245009800142250001400240300003800254020002200292041000800314082001100322084001700333090002200350260004700372850001000419650004200429504002500471990002700496990002700523990002500550INLIS00000000000349320260530124845 a0010-0621000025ta260530 0  aSBPUPADbInd0 aCharles Bonar Sirait1 aThe Power of Public Speaking :bKiat Sukses Berbicara di Depan Publik /cCharles Bonar Sirait a.--Cet. 2 axxxi, 342 hlm. :billus. ;c23 cm a978-979-22-3354-40 aind a302.25 a302.25 CHA t a302.235 KOT t 5 1 a--Jakarta :bGramedia Pustaka Utama,c2008 aPUPAD 4aKiat Sukses Berbicara di Depan Publik abibliografi, hlm 339 a11298 A/BR/KAPD/PDG/09 a11298 B/BR/KAPD/PDG/09 a11299/BR/KAPD/PDG/09